| 000 | 00438cam a22001337a 4500 | ||
|---|---|---|---|
| 008 | 180718b1998 xxu||||| |||| 00| 0 eng d | ||
| 082 | _aAPPPA 1997-98 JOH/12 | ||
| 100 | _aJohri, Alok | ||
| 245 |
_aEnergy for rail motive power: economic options in present Indian railway scenario _cby Alok Johri |
||
| 260 |
_aNew Delhi _bIndian Institute of Public Administration _c1998 |
||
| 300 | _av.p. | ||
| 650 | _aAPPPA | ||
| 650 | _aRailways - India | ||
| 999 |
_c485660 _d485660 |
||